000 00681nam a2200253Ia 4500
003 OSt
005 20221005040035.0
006 a|||||r|||| 00| 0
007 ta
008 221004b |||||||| |||| 00| 0 sat d
024 _a47476
037 _cTextual
040 _aCRL
_cCRL
_bsat
041 _2sat
_asat
082 _aO15,1E25,1, 31K7
100 _aKshemendra Au.
_9588860
245 0 _aChaarucharya
260 _aDelhi
_bMinistry of education India
_c1967
300 _a83p.
_ccm.
650 _a SANSKRIT POETRY
_9155567
650 _aSANSKRIT LITERATURE
942 _hO15,1E25,1, 31K7
_cTEXL
_2cc
999 _c946272
_d946272